Music Quiz

Random Music or Bands Quiz

250 Greatest Rock Songs of the 1970's Quiz Stats

 Plays Quiz not verified by Sporcle

Also try: Quotes About Songs
Challenge
Share
Tweet
Score 0/250 Timer 20:00
0 Plays Today
Song Artist % Correct
Bohemian RhapsodyQueen
98.6%
We Will Rock You/We Are the ChampionsQueen
98.6%
Killer QueenQueen
98.6%
Hotel CaliforniaEagles
98.6%
One of These NightsEagles
98.6%
Take It EasyEagles
98.6%
Life in the Fast LaneEagles
98.6%
Your SongElton John
97.9%
Goodbye Yellow Brick RoadElton John
97.9%
Bennie and the JetsElton John
97.9%
Rocket ManElton John
97.9%
Tiny DancerElton John
97.9%
Crocodile RockElton John
97.9%
Let it BeThe Beatles
97.5%
The Long and Winding RoadThe Beatles
97.5%
ImagineJohn Lennon
97%
Instant KarmaJohn Lennon
97%
Stairway to HeavenLed Zeppelin
96.7%
KashmirLed Zeppelin
96.7%
Rock and RollLed Zeppelin
96.7%
Black DogLed Zeppelin
96.7%
Over the Hills and Far AwayLed Zeppelin
96.7%
Another Brick in the Wall, Part 2Pink Floyd
95.6%
Wish You Were HerePink Floyd
95.6%
MoneyPink Floyd
95.6%
Comfortably NumbPink Floyd
95.6%
TimePink Floyd
95.6%
Stayin' AliveBee Gees
94.8%
Night FeverBee Gees
94.8%
Brown SugarThe Rolling Stones
94.6%
Miss YouThe Rolling Stones
94.6%
Tumbling DiceThe Rolling Stones
94.6%
AngieThe Rolling Stones
94.6%
Won't Get Fooled AgainThe Who
94%
Baba O'RileyThe Who
94%
Behind Blue EyesThe Who
94%
Who Are YouThe Who
94%
Born to RunBruce Springsteen
93.5%
Thunder RoadBruce Springsteen
93.5%
RoxanneThe Police
92.7%
Message in a BottleThe Police
92.7%
Dream OnAerosmith
92.4%
Walk This WayAerosmith
92.4%
Sweet EmotionAerosmith
92.4%
You're So VainCarly Simon
92.2%
Wonderful TonightEric Clapton
91.9%
CocaineEric Clapton
91.9%
Dancing QueenABBA
91.7%
WaterlooABBA
91.7%
SuperstitionStevie Wonder
91%
Living for the CityStevie Wonder
91%
You Are the Sunshine of My LifeStevie Wonder
91%
Higher GroundStevie Wonder
91%
I WishStevie Wonder
91%
Go Your Own WayFleetwood Mac
89.9%
DreamsFleetwood Mac
89.9%
RhiannonFleetwood Mac
89.9%
Bridge Over Troubled WaterSimon and Garfunkel
89.1%
Highway to HellAC/DC
88.1%
Piano ManBilly Joel
88.1%
Just the Way You AreBilly Joel
88.1%
What's Going OnMarvin Gaye
88%
Let's Get It OnMarvin Gaye
88%
Mercy Mercy MeMarvin Gaye
88%
Got to Give It UpMarvin Gaye
88%
Inner City BluesMarvin Gaye
88%
More Than a FeelingBoston
87.8%
Long TimeBoston
87.8%
ChangesDavid Bowie
87.7%
HeroesDavid Bowie
87.7%
FameDavid Bowie
87.7%
Rebel RebelDavid Bowie
87.7%
Riders On the StormThe Doors
87.2%
LA WomanThe Doors
87.2%
Roadhouse BluesThe Doors
87.2%
Maggie MayRod Stewart
86.9%
Free BirdLynyrd Skynyrd
86.9%
Sweet Home AlabamaLynyrd Skynyrd
86.9%
Tonight's the NightRod Stewart
86.9%
Heart of GlassBlondie
86.1%
One Way or AnotherBlondie
86.1%
London CallingThe Clash
85.6%
Train in VainThe Clash
85.6%
Don't Stop 'Til You Get EnoughMichael Jackson
85.3%
Song Artist % Correct
Rock with YouMichael Jackson
85.3%
Band on the RunPaul McCartney and Wings
85%
Smoke on the WaterDeep Purple
85%
Child in TimeDeep Purple
85%
Y.M.C.A.Village People
85%
No Woman, No CryBob Marley and the Wailers
84.8%
JammingBob Marley and the Wailers
84.8%
Get Up, Stand UpThe Wailers
84.8%
Anarchy in the UKSex Pistols
84.6%
God Save the QueenSex Pistols
84.6%
Maybe I'm AmazedPaul McCartney
84.4%
Tangled Up in BlueBob Dylan
84%
Knockin' on Heaven's DoorBob Dylan
84%
American PieDon McLean
83.8%
Black Magic WomanSantana
83.4%
Oye Como VaSantana
83.4%
School's OutAlice Cooper
83%
Carry On Wayward SonKansas
82.7%
Dust in the WindKansas
82.7%
Who'll Stop the RainCreedence Clearwater Revival
81.8%
Have You Ever Seen the RainCreedence Clearwater Revival
81.8%
Good TimesChic
80.9%
Le FreakChic
80.9%
I Wanna Be SedatedRamones
80.6%
Blitzkrieg BopRamones
80.6%
LolaThe Kinks
80.5%
Heart of GoldNeil Young
79.3%
Hey Hey My My (Into the Black)Neil Young
79.3%
Sultans of SwingDire Straits
79%
(Don't Fear) The ReaperBlue Oyster Cult
78.7%
Me and Bobby McGeeJanis Joplin
78.6%
I Will SurviveGloria Gaynor
78.3%
Rock and Roll All NiteKiss
77.8%
Get Up (I Feel Like Being a) Sex MachineJames Brown
76%
The PaybackJames Brown
76%
My Sweet LordGeorge Harrison
75.5%
Old time Rock 'n' RollBob Seger & the Silver Bullet Band
75.2%
Night MovesBob Seger
74.9%
A Horse with No NameAmerica
74.9%
Turn the PageBob Seger
74.9%
ParanoidBlack Sabbath
74%
The JokerSteve Miller Band
73.8%
Fly Like an EagleSteve Miller Band
73.8%
LaylaDerek and the Dominos
73.5%
Walk on the Wild SideLou Reed
71.5%
25 or 6 to 4Chicago
71%
You Ain't Seen Nothin' YetBachman-Turner Overdrive
69.8%
Takin' Care of BusinessBachman-Turner Overdrive
69.8%
Hot StuffDonna Summer
69.3%
I Feel LoveDonna Summer
69.3%
Love to Love You BabyDonna Summer
69.3%
AqualungJethro Tull
68.9%
Locomotive BreathJethro Tull
68.9%
Paradise by the Dashboard LightMeat Loaf
68.9%
My SharonaThe Knack
68.3%
The Boys Are Back in TownThin Lizzy
67.8%
Listen to the MusicThe Doobie Brothers
67.4%
What a Fool BelievesThe Doobie Brothers
67.4%
Black WaterThe Doobie Brothers
67.4%
Long Train RunningThe Doobie Brothers
67.4%
Fire and RainJames Taylor
67.1%
American WomanThe Guess Who
66.3%
Rock LobsterThe B-52's
65.7%
Let's Stay TogetherAl Green
64.8%
Tired of Being AloneAl Green
64.8%
I'm Still in Love with YouAl Green
64.8%
Runnin' with the DevilVan Halen
64.7%
MoondanceVan Morrison
64%
Family AffairSly and the Family Stone
63.7%
Papa Was a Rollin' StoneThe Temptations
63.7%
Just My ImaginationThe Temptations
63.7%
Ball of ConfusionThe Temptations
63.7%
Killing Me Softly with His SongRoberta Flack
63.5%
Midnight Train to GeorgiaGladys Knight and the Pips
62.8%
Lean on MeBill Withers
62.5%
Ain't No SunshineBill Withers
62.5%
Low RiderWar
62.3%
Just What I NeededThe Cars
62%
Brass in PocketPretenders
61.2%
Joy to the WorldThree Dog Night
60.6%
Ramblin' ManThe Allman Brothers Band
60.6%
SeptemberEarth, Wind and Fire
60.6%
FantasyEarth, Wind and Fire
60.6%
That's the Way of the WorldEarth, Wind and Fire
60.6%
Song Artist % Correct
The Logical SongSupertramp
60.4%
Reeling in the YearsSteely Dan
60.4%
Bang a Gong (Get It On)T. Rex
60.3%
MargaritavilleJimmy Buffett
60.2%
RefugeeTom Petty and the Heartbreakers
59.2%
That's the Way (I Like It)KC & the Sunshine Band
59.1%
I'll Be ThereThe Jackson 5
58.8%
Psycho KillerTalking Heads
58.6%
All Right NowFree
57.6%
December, 1963 (Oh, What a Night)The Four Seasons
56.5%
Radar LoveGolden Earring
56.3%
Theme from 'Shaft'Isaac Hayes
56.1%
RoundaboutYes
56%
We Are FamilySister Sledge
55.8%
It's Too LateCarole King
55.5%
Werewolves of LondonWarren Zevon
54.7%
OhioCrosby, Stills, Nash, & Young
54.7%
Stuck in the MIddle with YouStealers Wheel
53.6%
Brick HouseCommodores
52.9%
We're an American BandGrand Funk Railroad
52.1%
All the Young DudesMott the Hoople
51.7%
ShameEvelyn 'Champagne' King
51.5%
Can't Get Enough of Your Love, BabeBarry White
51.1%
Lust for LifeIggy Pop
50.2%
Running on EmptyJackson Browne
49.8%
Because the NightPatti Smith
49.7%
Baker StreetGerry Rafferty
49.7%
Truckin' Grateful Dead
49.4%
Burning LoveElvis Presley
47.9%
Play That Funky MusicWild Cherry
46.9%
SurrenderCheap Trick
46.6%
Mr. Big StuffJean Knight
45.9%
FunkytownLipps, Inc.
44.8%
WarEdwin Starr
44.3%
Rapper's DelightThe Sugarhill Gang
44.1%
Until You Come Back to MeAretha Franklin
43.7%
CarsGary Numan
42.9%
I'm Not in Love10cc
42.8%
Long Cool WomanThe Hollies
41.3%
Love TrainThe O'Jays
40.3%
Back StabbersThe O'jays
40.3%
What I Like About YouThe Romantics
40.1%
Rock and Roll, Part 2Gary Glitter
39.9%
Lady MarmaladeLaBelle
38.8%
AutobahnKraftwerk
38%
Me and Mrs. JonesBilly Paul
36.8%
Oliver's ArmyElvis Costello
35.3%
Tear the Roof off the SuckerParliament
33.8%
Flash LightParliament
33.8%
Alone Again (Naturally)Gilbert O'Sullivan
33.2%
I Can See Clearly NowJohnny Nash
32.8%
Can't Get EnoughBad Company
31.7%
Cruisin'Smokey Robinson
31.2%
Drift AwayDobie Gray
30.3%
Pick Up the PiecesAverage White Band
30%
Disco InfernoThe Trammps
28.2%
One Nation Under a GrooveFunkadelic
27.9%
Oh GirlThe Chi-Lites
27.1%
Have You Seen HerThe Chi-Lites
27.1%
Love Is the DrugRoxy Music
27%
Band of GoldFreda Payne
26.9%
Without YouNilsson
26.8%
Help MeJoni Mitchell
24.8%
I'll Be AroundThe Spinners
24.7%
QuestionThe Moody Blues
24.4%
The Harder They ComeJimmy Cliff
24%
Tell Me Something GoodRufus
22.2%
I'll Take You ThereThe Staple Singers
21.7%
Respect YouselfThe Staple Singers
21.7%
Go All the WayRaspberries
20.5%
Best of My LoveThe Emotions
20.5%
That LadyThe Isley Brothers
19.6%
You Make Me Feel Brand NewThe Stylistics
19.1%
If You Don't Know Me by NowHarold Melvin & the Blue Notes
19.1%
When Will I See You AgainThe Three Degrees
18.2%
I Saw the LightTodd Rundgren
17.4%
Rock Your BabyGeorge McCrae
14.6%
Kiss and Say GoodbyeThe Manhattans
14.6%
O-o-h ChildFive Stairsteps
12.8%
Always and ForeverHeatwave
10.8%
Smiling Faces SometimesThe Undisputed Truth
9.2%
Natural HighBloodstone
6.3%

You're not logged in!

Compare scores with friends on all Sporcle quizzes.
Join for Free
OR
Log In

You Might Also Like...

Show Comments

Extras

Top Quizzes Today


Score Distribution

Your Account Isn't Verified!

In order to create a playlist on Sporcle, you need to verify the email address you used during registration. Go to your Sporcle Settings to finish the process.

Report this User

Report this user for behavior that violates our Community Guidelines.

Details: